000 00454cam a2200181ua 4500
001 3671
008 111126n ii |||gr||||Z||||||asm
040 _cMAIN
082 _a891.4514
100 1 _aDeka, Bhubaneswar,
_eEditor.
245 1 1 _aPrabandha prabaha
_ced. by Bhubaneswar Deka
250 _a1st.
260 _aGuwahati:
_bBina Library,988.
300 _a189p:
_c23cm.
653 _aAssamese literature
653 _aPrabandha prabaha
942 _cBK
999 _c3500
_d3500